Sistema CyC desde 1935 : aprenda corte de ropa para niño y adulto /

Uloženo v:
Podrobná bibliografie
Hlavní autor: Couto Arenas, Guadalupe F. (autor)
Další autoři: Pérez Couto, Gabriela (autor) (autor)
Médium: Kniha
Jazyk:španělština
Vydáno: México : Sistema Cyc, 2013, c2013
Vydání:36a edición
Témata:
Tagy: Přidat tag
Žádné tagy, Buďte první, kdo vytvoří štítek k tomuto záznamu!

MARC

LEADER 00000nam^a2200000^a^4500
001 000400051
005 20250521000000.0
008 180323
009 20260310121609.193
020 |a 970-92849-1-6 
037 |a Acervo ITESO - Biblioteca 
041 |a ESP 
082 |a 746. 9202  |b SIS APR V. 2 
100 |a Couto Arenas, Guadalupe F.  |e (autor) 
240 1 1 |a [Sistema CyC] 
245 1 0 |a Sistema CyC desde 1935 :  |b aprenda corte de ropa para niño y adulto /  |c G.F. Couto Arenas, G. Pérez Couto. 
250 |a 36a edición  |b aumentada 
264 4 |a México :  |b Sistema Cyc,  |c 2013, c2013 
300 |a 163 p. 
336 |a texto  |b txt  |2 rdacontenido 
337 |a sin mediación  |b n  |2 rdamedio 
338 |a volumen  |b nc  |2 rdasoporte 
521 |a Peticiones 2018 
649 |a XX 
650 |a Niños 
650 |a Adultos 
650 |a Hombres -  |x Tema Principal 
650 |a Corte y Confección -  |x Tema Principal 
650 |a Corte y Confección -  |x Materiales y Equipo 
650 |a Corte y Confección -  |x Técnica 
650 |a Patrones (Moda) 
650 |a Diseño de Moda 
650 |a Moda 
740 0 |a Sistema CyC desde 1935 :  |b libro 2° /  |c G.F. Couto Arenas, G. Pérez Couto. 
700 |a Pérez Couto, Gabriela  |e (autor) 
910 |a Fondo General 
920 |a Impresos - Libros 
930 |a Colección General 
905 |a 101 
901 |a 0500295240  |b IT1  |c ACC  |i c158416  |u 20250521 
902 |a https://opac.biblio.iteso.mx/vufind/Record/000400051